Sports Quiz

Random Sports or Baseball Quiz

MLB - Most 30 Save Seasons per Franchise Quiz Stats

 Plays Quiz Updated May 1, 2018

Challenge
Share
Tweet
Embed
Score 0/30 Timer 10:00
0 Plays Today
Team Pitcher % Correct
YankeesMariano Rivera
93.7%
PadresTrevor Hoffman
82.4%
Phillies (5)Jonathan Papelbon, Brad Lidge, Ricky Bottalico, Jose Mesa, Mitch Williams
77.7%
Red SoxJonathan Papelbon
75.5%
AthleticsDennis Eckersley
74.6%
DodgersKenley Jansen
66.8%
CubsLee Smith
64.3%
Brewers (3)Francisco Rodriguez, John Axford, Dan Plesac
64.3%
BravesCraig Kimbrel
60.3%
TwinsJoe Nathan
59.3%
AstrosBilly Wagner
58.7%
Reds (3)Francisco Cordero, Aroldis Chapman, Danny Graves
55.3%
Nationals (6)Rafael Soriano, Chad Cordero, Ugueth Urbina, Mel Rojas, John Wetteland, Jeff Reardon
53.2%
MetsJohn Franco
51.7%
AngelsTroy Percival
49.1%
Team Pitcher % Correct
Marlins (4)AJ Ramos, Steve Cishek, Juan Carlos Oviedo (Leo Nunez), Robb Nen
46.5%
Pirates (3)Mark Melancon, Joel Hanrahan, Kent Tekulve
43.5%
GiantsRobb Nen
42.7%
Rays (4)Alex Colome, Fernando Rodney, Danys Báez, Roberto Hernandez
42%
White SoxBobby Thigpen
41.7%
CardinalsJason Isringhausen
41.1%
Indians (2)Doug Jones, Cody Allen
40.1%
TigersTodd Jones
39.5%
Royals (2)Jeff Montgomery, Dan Quisenberry
38.4%
RangersJohn Wetteland
33.9%
Blue JaysTom Henke
33.2%
MarinersKazuhiro Sasaki
25.1%
DiamondbacksJ.J. Putz
19.8%
Orioles (2)Gregg Olson, Zach Britton
19.4%
RockiesBrian Fuentes
14.5%

You're not logged in!

Compare scores with friends on all Sporcle quizzes.
Join for Free
OR
Log In

Show Comments

Extras

Top Quizzes Today


Score Distribution

Your Account Isn't Verified!

In order to create a playlist on Sporcle, you need to verify the email address you used during registration. Go to your Sporcle Settings to finish the process.

Report this User

Report this user for behavior that violates our Community Guidelines.

Details: